The study on the effectiveness of rice bank of rural poverty reduction project in svayteap district, svay rieng province, ការសិក្សាអំពីប្រសិទ្ធភាពរបស់ធនាគារស្រូវក្នុងគំរោងកាត់បន្ថយភាពក្រីក្រនៅតំបន់ជនបទ ស្រុកស្វាយទាប ខេត្តស្វាយរៀង (Record no. 4699)
[ view plain ]
| 000 -LEADER | |
|---|---|
| fixed length control field | 00806nam a22001577a 4500 |
| 003 - CONTROL NUMBER IDENTIFIER | |
| control field | OSt |
| 005 - DATE AND TIME OF LATEST TRANSACTION | |
| control field | 20151217153520.0 |
| 008 - FIXED-LENGTH DATA ELEMENTS--GENERAL INFORMATION | |
| fixed length control field | 151217b xxu||||| |||| 00| 0 eng d |
| 040 ## - CATALOGING SOURCE | |
| Transcribing agency | RUA |
| 082 ## - DEWEY DECIMAL CLASSIFICATION NUMBER | |
| Classification number | AED PRE 2008 B231 Or.1 |
| 100 ## - MAIN ENTRY--PERSONAL NAME | |
| 9 (RLIN) | 5051 |
| Personal name | PREAP, CHAMNAN. |
| 245 ## - TITLE STATEMENT | |
| Title | The study on the effectiveness of rice bank of rural poverty reduction project in svayteap district, svay rieng province, ការសិក្សាអំពីប្រសិទ្ធភាពរបស់ធនាគារស្រូវក្នុងគំរោងកាត់បន្ថយភាពក្រីក្រនៅតំបន់ជនបទ ស្រុកស្វាយទាប ខេត្តស្វាយរៀង |
| 260 ## - PUBLICATION, DISTRIBUTION, ETC. (IMPRINT) | |
| Place of publication, distribution, etc. | Phnom Penh |
| Name of publisher, distributor, etc. | RUA |
| Date of publication, distribution, etc. | 2008 |
| 300 ## - PHYSICAL DESCRIPTION | |
| Extent | x; 43p. |
| Other physical details | ill. |
| Dimensions | 29cm. |
| 942 ## - ADDED ENTRY ELEMENTS (KOHA) | |
| Source of classification or shelving scheme | |
| Koha item type | AED |
| Price effective from | Date last seen | Permanent Location | Not for loan | Date acquired | Source of classification or shelving scheme | Koha item type | Barcode | Lost status | Damaged status | Shelving location | Withdrawn status | Current Location | Full call number |
|---|---|---|---|---|---|---|---|---|---|---|---|---|---|
| 2015-12-17 | 2015-12-17 | Library Block B | 2015-12-17 | AED | RUA032033 | B231 | Library Block B | AED PRE 2008 B231 Or.1 | |||||
| 2015-12-17 | 2015-12-17 | Library Block B | 2015-12-17 | AED | RUA032164 | B231 | Library Block B | AED PRE 2008 B231 Or.2 | |||||
| 2015-12-17 | 2015-12-17 | Library Block B | 2015-12-17 | AED | RUA031318 | B231 | Library Block B | AED PRE 2008 B231 Or.3 | |||||
| 2015-12-17 | 2015-12-17 | Library Block B | 2015-12-17 | AED | RUA032576 | B231 | Library Block B | AED PRE 2008 B231 Or.4 | |||||
| 2015-12-17 | 2015-12-17 | Library Block B | 2015-12-17 | AED | RUA033280 | B231 | Library Block B | AED PRE 2008 B231 Or.5 | |||||
| 2015-12-17 | 2015-12-17 | Library Block B | 2015-12-17 | AED | RUA032588 | B231 | Library Block B | AED PRE 2008 B231 Or.6 | |||||
| 2015-12-17 | 2015-12-17 | Library Block B | 2015-12-17 | AED | RUA031195 | B231 | Library Block B | AED PRE 2008 B231 Or.7 | |||||
| 2015-12-17 | 2015-12-17 | Library Block B | 2015-12-17 | AED | RUA032561 | B231 | Library Block B | AED PRE 2008 B231 Or.8 | |||||
| 2015-12-17 | 2015-12-17 | Library Block B | 2015-12-17 | AED | RUA031258 | B231 | Library Block B | AED PRE 2008 B231 Or.9 |